000 00444nam a2200169Ia 4500
001 35904
003 IN-NITTTR
005 20251114233434.0
008 251113s9999||||xx |||||||||||||| ||eng||
040 _beng
040 _cIN-NITTTR
041 _aeng
082 _aTA1637
100 _aSpehr, Jens
245 0 _aOn Hierarchical Models for Visual Recognition and Learning of Objects, Scenes, and Activities /
_cSpehr, Jens
942 _2ddc
_cBK
999 _c35363
_d35363